000 00476nam a2200181Ia 4500
005 20250326125838.0
008 250326s9999 xx 000 0 und d
037 _aTextbook
040 _aFMSL
_beng
_cFMSL
041 _aeng
_2eng
084 _aX:9 N5
_qFMSL
100 _aGovernment OF India
245 0 _aContract labour
_cGovernment OF India
260 _aDelhi
_bDelhi, Manager
_c1965
300 _a196p
942 _cTB
_hX:9 N5
999 _c1279841
_d1279841